00369pab a2200133 454500008004000000100001600040245008500056260000900141300001300150362001100163650001500174650001200189773003400201180718b2011 xxu||||| |||| 00| 0 eng d aSashi Kumar aHegemony in contemporary culture and media and the need for a counter initiative c2011 ap.38-43. a17 Dec aMass media aCulture aEconomic and Political Weekly